|
|
|
|
| LEADER |
00000cam a2200000 c 4500 |
| 001 |
616375565 |
| 003 |
DE-627 |
| 005 |
20240613095011.0 |
| 007 |
tu |
| 008 |
100113s1663 xx ||||| m 00| ||lat c |
| 035 |
|
|
|a (DE-627)616375565
|
| 035 |
|
|
|a (DE-576)9616375563
|
| 035 |
|
|
|a (DE-599)GBV616375565
|
| 040 |
|
|
|a DE-627
|b ger
|c DE-627
|e rakwb
|
| 041 |
|
|
|a lat
|
| 044 |
|
|
|c XA-DXDE
|
| 084 |
|
|
|a 1
|2 ssgn
|
| 100 |
1 |
|
|0 (DE-588)121689603
|0 (DE-627)081469454
|0 (DE-576)292831692
|4 aut
|a Saltzmann, Johann Rudolph
|d 1611-1678
|
| 109 |
|
|
|a Salzmann, Joh. Rudolphus 1611-1678
|a Salzmann, Johannes Rudolf 1611-1678
|a Salzmann, Johannes Rudolph 1611-1678
|a Saltzmannus, Johannes Rudolphus 1611-1678
|a Saltzmann, Jean-Rodolphe 1611-1678
|a Saltzmann, Joh. Rudolphus 1611-1678
|a Saltzmann, Johannes Rudolph 1611-1678
|a Salzmann, Johann Rudolph der Jüngere 1611-1678
|a Salzmann, Joh. Rud. 1611-1678
|a Salzmann, Johann Rudolph 1611-1678
|a Saltzmann, Jean Rodolphe 1611-1678
|a Salzmann, Joannes Rudolphus 1611-1678
|a Saltsmannus, Joannes Rudolphus 1611-1678
|a Saltzmann, Johannes Rudolphus 1611-1678
|a Saltzmannus, Joannes Rudolphus 1611-1678
|a Saltzmann, Johann Rudolf 1611-1678
|a Saltzmann, Johann Rudolph der Jüngere 1611-1678
|a Saltzmann, Johannes Rudolf 1611-1678
|a Saltzmannus, Joh. Rudolphus 1611-1678
|a Saltzmann, Johann Rudolph 1611-1678
|a Salzmann, Johann Rudolf 1611-1678
|a Saltzmannus, Ioh. Rudolphius 1611-1678
|a Saltzmannus, Johannes Rudolphius 1611-1678
|a Saltzmann, Johann Rudolf der Jüngere 1611-1678
|a Salzmann, Johann Rudolf der Jüngere 1611-1678
|a Salzmannus, Johannes Rudolphus 1611-1678
|
| 245 |
1 |
0 |
|a Disputatio Meteorologica De Iride, Secundum quatuor causarum genera methodikōs conscripta
|c Qvam ... Præside ... Dn. Iohanne Rvdolpho Saltzmanno ... Publicè discutiendam proponit Johannes Georgius Meyer, Argentoratensis. Ad die[!] 10. Mensis Aprilis.
|
| 246 |
3 |
3 |
|a De Iride
|
| 264 |
|
1 |
|a Argentorati
|b Spoor
|c 1663
|
| 300 |
|
|
|a [1] Bl., 10 S.
|c 4°
|
| 336 |
|
|
|a Text
|b txt
|2 rdacontent
|
| 337 |
|
|
|a ohne Hilfsmittel zu benutzen
|b n
|2 rdamedia
|
| 338 |
|
|
|a Band
|b nc
|2 rdacarrier
|
| 500 |
|
|
|a Vorlageform des Erscheinungsvermerks: Argentorati, Literis Spoorianis. Anno MDCLXIII.
|
| 502 |
|
|
|a Straßburg, Univ., Diss., 1663
|
| 655 |
|
7 |
|a Hochschulschrift
|0 (DE-588)4113937-9
|0 (DE-627)105825778
|0 (DE-576)209480580
|2 gnd-content
|
| 655 |
|
7 |
|a Dissertation
|0 (DE-627)096631147
|2 local
|
| 700 |
1 |
|
|a Meyer, Johannes Georgius
|e Resp.
|4 aut
|
| 700 |
1 |
|
|a Faustius, Johannes
|e Widmungsempfänger
|4 oth
|
| 700 |
1 |
|
|a Faustius, Isaac
|e Widmungsempfänger
|4 oth
|
| 700 |
1 |
|
|a Boeclerus, Johannes Henricus
|e Widmungsempfänger
|4 oth
|
| 700 |
1 |
|
|a Saltzmannus, Johannes Rudolphus
|e Widmungsempfänger
|4 oth
|
| 700 |
1 |
|
|a Habrecht, Jacobus
|e Widmungsempfänger
|4 oth
|
| 700 |
1 |
|
|a Meyerus, Johannes Georgius
|e Widmungsempfänger
|4 oth
|
| 700 |
1 |
|
|a Bleicherus, Johannes Jacobus
|e Widmungsempfänger
|4 oth
|
| 700 |
1 |
|
|0 (DE-588)1037533690
|0 (DE-627)756100984
|0 (DE-576)391609041
|4 prt
|a Spoor, Friedrich
|d 1614-1662
|
| 751 |
|
|
|a Straßburg
|4 uvp
|
| 935 |
|
|
|a RFBW
|a mteo
|
| 951 |
|
|
|a BO
|
| ELC |
|
|
|b 1
|
| LOK |
|
|
|0 000 xxxxxcx a22 zn 4500
|
| LOK |
|
|
|0 001 4538447609
|
| LOK |
|
|
|0 003 DE-627
|
| LOK |
|
|
|0 004 616375565
|
| LOK |
|
|
|0 005 20240613091521
|
| LOK |
|
|
|0 008 240613||||||||||||||||ger|||||||
|
| LOK |
|
|
|0 040
|a DE-Tue135
|c DE-627
|d DE-Tue135
|
| LOK |
|
|
|0 092
|o n
|
| LOK |
|
|
|0 852
|a DE-Tue135
|
| LOK |
|
|
|0 852 1
|9 00
|
| LOK |
|
|
|0 866
|x SPQUE#Reformationsgeschichtliche Forschungsbibliothek Wittenberg#SPSAM#Lutherhaus#SPUSM#Melanchthonhaus
|
| LOK |
|
|
|0 935
|a RFBW
|a lglu
|a lgme
|
| LOK |
|
|
|0 939
|a 13-06-24
|b l01
|
| ORI |
|
|
|a SA-MARC-ixtheoa001.raw
|